| 000 | 01045cam a2200289 a 4500 | ||
|---|---|---|---|
| 001 | 16315480 | ||
| 005 | 20170105102908.0 | ||
| 008 | 100706s2010 enk b 001 0 eng | ||
| 010 | _a 2010027573 | ||
| 020 | _a9780230576537 (hardback) | ||
| 040 |
_aDLC _cDLC _dDLC |
||
| 042 | _apcc | ||
| 050 | 0 | 0 |
_aJC311 _b.A3549 2010 |
| 082 | 0 | 0 |
_a320.54 _222 |
| 245 | 0 | 0 |
_aAfter the nation? : _bcritical reflections on nationalism and postnationalism / _cedited by Keith Breen and Shane O'Neill. |
| 260 |
_aBasingstoke, Hampshire ; _aNew York : _bPalgrave Macmillan, _c2010. |
||
| 300 |
_axi, 278 p. ; _c22 cm. |
||
| 490 | 0 | _aInternational political theory series | |
| 504 | _aIncludes bibliographical references and index. | ||
| 650 | 0 | _aNationalism. | |
| 650 | 0 | _aSelf-determination, National. | |
| 700 | 1 | _aBreen, Keith. | |
| 700 | 1 |
_aO'Neill, Shane, _d1965- |
|
| 906 |
_a7 _bcbc _corignew _d1 _eecip _f20 _gy-gencatlg |
||
| 942 |
_2ddc _cBK |
||
| 999 |
_c14970 _d14970 |
||